| 000 | 00354nam a22001337a 4500 | ||
|---|---|---|---|
| 008 | 250424b |||||||| |||| 00| 0 eng d | ||
| 020 | _a9780293515 | ||
| 050 |
_aNX 650 _b.B49 |
||
| 100 | _aBewaji J.A.I | ||
| 245 | _aBeauty And Culture ;Perspectives In Black Aesthetics | ||
| 260 |
_aIbadan _bSpectrum Books Limited _c2003 |
||
| 300 | _a270p. | ||
| 942 | _cBK | ||
| 999 |
_c3144 _d3144 |
||